000 00631nam a2200181Ia 4500
008 100920s9999 xx 000 0 und d
082 _b91629
_a891.463.1 थ 64
100 _aपगडी सेतु माधवराव.
245 _aफिर्दौसीच्या कथा.
260 _bव्हीनस प्रकाशन,पुणे.
_c1964
300 _a204
_bसाधी
365 _b3.5
520 _aलघुकथा.
630 _aफिर्दौसीच्या कथा.
650 _aलघुकथा.
730 _aफिर्दौसीच्या कथा.
942 _cBOOK
999 _c732097
_d732094